000 00381nam a22001337a 4500
082 _aT-209
100 _aFaisal Shahzad Raja
_951007
245 _aUse of stone dust as partial replacement of sand in high performance concrete
260 _aRisalpur,
_bMCE,
_c2016.
300 _a122p.
526 _a0
_b0
_c0
_dT_209
700 _aDr Muhammad Maqbool Sadiq
_931108
942 _2ddc
_cBK
999 _c553741
_d553741